00444nam a2200169Ia 4500003000400000005001700004008004100021020001900062040000700081041000800088082001700096100001800113245007000131260004300201300001700244365001300261OSt20220617100925.0210423s2012 xx 000 0 und d a97881224230295 cAL aeng a541.223 NASD aNASIPURI (D). aStereochemistry of organic compounds: principles and applications aNew DelhibNew Age Internationalc2012 axxii,537bPB b295cINR